Eucalytera sp. (Lep., noctuidae), nova lepidobroca que ataca a cana-de-acucar no nordeste do Brasil [Saccharum officinarum] (Registro n. 94313)
[ somente texto ]
| 000 -LÍDER | |
|---|---|
| campo de controle de tamanho fixo | 00915nas a2200265 4500 |
| 001 - NÚMERO DE CONTROLE | |
| campo de controle | BR7500796 |
| 003 - IDENTIFICADOR DO NÚMERO DE CONTROLE | |
| campo de controle | BR-BrBNA |
| 005 - DATA E HORÁRIO DA ÚLTIMA TRANSAÇÃO | |
| campo de controle | 20231205082812.0 |
| 007 - CAMPO FIXO DE DESCRIÇÃO FÍSICA--INFORMAÇÃO GERAL | |
| campo de controle de tamanho fixo | ta |
| 008 - CAMPO DE DADOS FIXOS--INFORMAÇÃO GERAL | |
| campo de controle de tamanho fixo | 230509b bl.|||p| |||| 00| 00por d |
| 040 ## - FONTE DA CATALOGAÇÃO | |
| Instituição da catalogação original | BR-BrBNA |
| Idioma da catalogação | por |
| Instituição que transcreveu o registro | Biblioteca Nacional de Agricultura |
| 041 ## - CÓDIGO DE IDIOMA | |
| Código do idioma do texto/trilha sonora ou título diferente | (Pt) |
| 072 ## - CÓDIGO DE CATEGORIA DE ASSUNTO | |
| Código de Categoria de Assunto | H10 |
| 100 1# - ENTRADA PRINCIPAL--NOME PESSOAL | |
| Nome pessoal | Guagliumi, P. |
| 100 1# - ENTRADA PRINCIPAL--NOME PESSOAL | |
| Nome pessoal | Villas Boas, A.M. |
| 111 1# - ENTRADA PRINCIPAL--NOME DO EVENTO | |
| Nome do evento ou lugar | 2. Congresso Brasileiro da Sociedade Entomologica do Brasil |
| Local do evento | Pelotas, RS (Brazil) |
| Data do evento ou assinatura do tratado | 1975 |
| 245 1# - TÍTULO | |
| Título | Eucalytera sp. (Lep., noctuidae), nova lepidobroca que ataca a cana-de-acucar no nordeste do Brasil [Saccharum officinarum] |
| 650 ## - ASSUNTO--TERMO TÓPICO | |
| Cabeçalho tópico ou nome geográfico | Praga de planta |
| 650 ## - ASSUNTO--TERMO TÓPICO | |
| Cabeçalho tópico ou nome geográfico | Cana de acucar |
| 650 ## - ASSUNTO--TERMO TÓPICO | |
| Cabeçalho tópico ou nome geográfico | Broca |
| 650 ## - ASSUNTO--TERMO TÓPICO | |
| Cabeçalho tópico ou nome geográfico | Biologia |
| 773 0# - ENTRADA ANALÍTICA | |
| Título | Anais da Sociedade Entomologica do Brasil (Brazil) |
| ISSN - International Standard Serial Number | ISSN 0301-8059 |
| Partes relacionadas | (1975), v. 4(1) p. 122-125 |
| Número de controle do registro | BR7500796 |
| 909 ## - | |
| -- | 202311 |
| -- | Lúcia |
| -- | 55 |
| -- | Lúcia Elande |
| 942 ## - ELEMENTOS DE ENTRADA ADICIONADOS (KOHA) | |
| Fonte da classificação ou esquema de arquivamento na estante | Classificação AGRIS |
| Ocultar no OPAC | Não |
| Tipo de material Koha | Analítica |
| Situação do descarte | Fonte da classificação ou esquema de arquivamento na estante | Situação física | Não pode ser emprestado | Biblioteca de origem | Biblioteca atual | Enumeração do periódico / cronologia | Total de empréstimos | Data de último acesso | Número do exemplar | Tipo de material Koha | Nota pública | Situação das perdas | Data de aquisição | Fonte de aquisição | Qualificador de local codificado | Custo, preço normal de compra | Número do inventário | Custo, preço de reposição | Preço efetivo de |
|---|---|---|---|---|---|---|---|---|---|---|---|---|---|---|---|---|---|---|---|
| Classificação AGRIS | Consulta local | Biblioteca Nacional de Agricultura - Binagri | Biblioteca Nacional de Agricultura - Binagri | (1975), v. 4(1) p. 122-125 | 29/11/2023 | 01 | Periódicos | (*) Documento disponível na(o) Universidade Federal do Ceara, Fortaleza (Brazil) (*) Documento disponível na(o) Universidade Federal do Ceara, Fortaleza (Brazil) (*) Documento disponível na(o) Universidade Federal do Ceara, Fortaleza (Brazil) (*) Documento disponível na(o) Universidade Federal do Ceara, Fortaleza (Brazil) (*) Documento disponível na(o) Universidade Federal do Ceara, Fortaleza (Brazil) | Portaria Interministerial nº 164/94 | ||||||||||
| Classificação AGRIS | Biblioteca Nacional de Agricultura - Binagri | Biblioteca Nacional de Agricultura - Binagri | 12/12/2023 | Analítica | V |

BINAGRI